| 000 | 00354nam a2200133 a 4500 | ||
|---|---|---|---|
| 001 | 4172 | ||
| 003 | CDMR | ||
| 005 | 20130116135253.0 | ||
| 008 | 130130s2006||||||||||||||||||||||||||||d | ||
| 040 |
_aCDMR _bcat _cCPC LLEIDA |
||
| 245 | 0 | _aCarlos de Haces (1826-1898) al Museu d'Art Jaume Morera | |
| 260 |
_aLleida _c2006 _bMuseu d'Art Jaume Morera |
||
| 942 | _cMON | ||
| 999 |
_c4172 _d4172 |
||